Анализ технологии комплексной подготовки газового конденсата; Проблемы геологии и освоения недр; Т. 2
| Parent link: | Проблемы геологии и освоения недр: труды XXII Международного симпозиума имени академика М. А. Усова студентов и молодых ученых, посвященного 155-летию со дня рождения академика В.А. Обручева, 135-летию со дня рождения академика М.А. Усова, основателей Сибирской горно-геологической школы, и 110-летию первого выпуска горных инженеров в Сибири, Томск, 2-7 апреля 2018 г./ Национальный исследовательский Томский политехнический университет, Инженерная школа природных ресурсов ; под ред. А. С. Боева.— , 2018 Т. 2.— 2018.— [С. 423-424] |
|---|---|
| Päätekijä: | |
| Yhteisötekijä: | |
| Muut tekijät: | |
| Yhteenveto: | Заглавие с экрана |
| Kieli: | venäjä |
| Julkaistu: |
2018
|
| Sarja: | Современные технологии подготовки и переработки природных ресурсов Химические технологии подготовки и переработки горючих ископаемых |
| Aiheet: | |
| Linkit: | http://earchive.tpu.ru/handle/11683/51109 |
| Aineistotyyppi: | Elektroninen Kirjan osa |
| KOHA link: | https://koha.lib.tpu.ru/cgi-bin/koha/opac-detail.pl?biblionumber=628034 |
MARC
| LEADER | 00000naa2a2200000 4500 | ||
|---|---|---|---|
| 001 | 628034 | ||
| 005 | 20231101133506.0 | ||
| 035 | |a (RuTPU)RU\TPU\conf\28122 | ||
| 035 | |a RU\TPU\conf\28120 | ||
| 090 | |a 628034 | ||
| 100 | |a 20181010d2018 k y0rusy50 ca | ||
| 101 | 0 | |a rus | |
| 102 | |a RU | ||
| 105 | |a y z 100zy | ||
| 135 | |a drcn ---uucaa | ||
| 181 | 0 | |a i | |
| 182 | 0 | |a b | |
| 200 | 1 | |a Анализ технологии комплексной подготовки газового конденсата |f К. А. Полякова |g науч. рук. Е. А. Кузьменко | |
| 203 | |a Текст |c электронный | ||
| 225 | 1 | |a Современные технологии подготовки и переработки природных ресурсов | |
| 225 | 1 | |a Химические технологии подготовки и переработки горючих ископаемых | |
| 230 | |a 1 компьютерный файл (pdf; 687 Kb) | ||
| 300 | |a Заглавие с экрана | ||
| 320 | |a [Библиогр.: с. 424 (3 назв.)] | ||
| 461 | 1 | |0 (RuTPU)RU\TPU\conf\27247 |t Проблемы геологии и освоения недр |o труды XXII Международного симпозиума имени академика М. А. Усова студентов и молодых ученых, посвященного 155-летию со дня рождения академика В.А. Обручева, 135-летию со дня рождения академика М.А. Усова, основателей Сибирской горно-геологической школы, и 110-летию первого выпуска горных инженеров в Сибири, Томск, 2-7 апреля 2018 г. |o в 2 т. |f Национальный исследовательский Томский политехнический университет, Инженерная школа природных ресурсов ; под ред. А. С. Боева |d 2018 | |
| 463 | 1 | |0 (RuTPU)RU\TPU\conf\27249 |t Т. 2 |v [С. 423-424] |d 2018 | |
| 610 | 1 | |a труды учёных ТПУ | |
| 610 | 1 | |a электронный ресурс | |
| 610 | 1 | |a технологии | |
| 610 | 1 | |a комплексная подготовка | |
| 610 | 1 | |a газовые конденсаты | |
| 610 | 1 | |a оптимальные режимы | |
| 610 | 1 | |a газы | |
| 610 | 1 | |a пластовые давления | |
| 610 | 1 | |a газоконденсатные месторождения | |
| 610 | 1 | |a тяжелые углеводороды | |
| 700 | 1 | |a Фролова |b Е. В. | |
| 702 | 1 | |a Ушева |b Н. В. |c химик-технолог |c доцент Томского политехнического университета, кандидат химических наук |f 1948- |g Наталья Викторовна |2 stltpush |4 727 | |
| 712 | 0 | 2 | |a Национальный исследовательский Томский политехнический университет (ТПУ) |c (2009- ) |2 stltpush |3 (RuTPU)RU\TPU\col\15902 |
| 801 | 2 | |a RU |b 63413507 |c 20181025 |g RCR | |
| 856 | 4 | |u http://earchive.tpu.ru/handle/11683/51109 | |
| 942 | |c BK | ||